000 00402nam a2200157Ia 4500
003 0STCL
008 150530s9999 xx 000 0 und d
040 _aSTCL
_cSTCL
100 _aTulsi Dass; Satish,K.S
245 _aMathematical methods in Classical and Quantum Physics
260 _bUniversities press
_c1998
546 _aEnglish
942 _2ddc
_cBK
999 _c28210
_d28210
005 20220125170126.0